| 000 | 01202nam a2200337 i 4500 | ||
|---|---|---|---|
| 999 |
_c68830 _d68830 |
||
| 001 | 68830 | ||
| 003 | Mx-PuUPA | ||
| 005 | 20220620084943.0 | ||
| 008 | 200313s2016 mx a ar 00| 1 spa d | ||
| 020 | _a9786072421332 | ||
| 020 | _a9789687791760 de la colección El barco de vapor. | ||
| 040 |
_aMx-PuUPA _bspa _cMx-PuUPA _dMx-PuUPA _erda |
||
| 041 | 0 | _aspa | |
| 100 | 1 |
_aLeón Calixto, Quetzatl, _d1976- _eautor _eilustrador _910661 |
|
| 245 | 1 | 4 |
_aLas gallinas no vuelan / _cQuetzatl León Calixto. |
| 250 | _aSegunda edición | ||
| 264 | 3 | 1 |
_aCiudad de México : _bEdiciones SM, _c2016 |
| 300 |
_a53 páginas : _bilustraciones ; _c21 cm. |
||
| 336 |
_2rdacontent _atexto _btxt |
||
| 337 |
_2rdamedia _asin medio _bn |
||
| 338 |
_2rdacarrier _avolumen _bnc |
||
| 490 | 1 |
_aEl barco de vapor. Blanca ; _v45 M |
|
| 650 | 1 | 4 |
_aCuentos mexicanos _vFicción infantil |
| 650 | 1 | 4 |
_aAutoestima _vFicción infantil |
| 650 | 1 | 4 |
_aLibertad _vFicción infantil |
| 830 | 3 |
_aEl barco de vapor. _pBlanca ; _v45 M |
|
| 942 |
_2ddc _cLI _h808.8035234 _iB2245 |
||